书目信息 |
| 题名: |
叔本华
|
|
| 作者: | 雷蒙 著 ;刘成富 , 宋旸 译 | |
| 分册: | ||
| 出版信息: | 上海 上海人民出版社 2009.02 |
|
| 页数: | 186页 | |
| 开本: | 20cm | |
| 丛书名: | 永恒的作家 | |
| 单 册: | ||
| 中图分类: | B516.41 | |
| 科图分类: | ||
| 主题词: | ||
| 电子资源: | ||
| ISBN: | 978-7-208-08299-1 | |
| 000 | 01313nam 2200313 450 | |
| 001 | 0011147598 | |
| 005 | 20100526092301.57 | |
| 010 | @a978-7-208-08299-1@dCNY29.00 | |
| 100 | @a20100515d2009 em y0chiy0110 ea | |
| 101 | 1 | @achi@cfre |
| 102 | @aCN@b310000 | |
| 105 | @aa a 000yb | |
| 200 | 1 | @a叔本华@Ashu ben hua@d= Schopenhauer@f(法) 迪迪埃·雷蒙著@F(fa)di di ai·lei meng zhu@g宋旸,刘成富译@zeng |
| 210 | @a上海@c上海人民出版社@d2009.02 | |
| 215 | @a186页@c图@d20cm | |
| 225 | 2 | @a永恒的作家 |
| 320 | @a有书目(第183-186页) | |
| 330 | @a叔本华早在19世纪60年代就已声名鹊起,享誉世界了。他提出的许多远远超过自己时代的卓越猜想丰富了人类的思维。他对欧洲众多的哲学流派、俄国众多的文学家和哲学家都产生过不容忽社的影响。人们终于发现了这位德国天才。叔本华生前最后编的两卷书《摘编和补遗》被称为最通俗易懂的“大众哲学”,尤其是其中的“日常生活智慧格言”使叔本华在晚年一下子成了名人,成了当时世界上拥有读者最多的哲学家。 | |
| 410 | 0 | @12001 @a永恒的作家 |
| 510 | 1 | @aSchopenhauer@zeng |
| 600 | 1 | @a叔本华@bA.@f1788~1860@x生平事迹 |
| 600 | 1 | @a叔本华@bA.@f1788~1860@x哲学思想 |
| 606 | @0 | |
| 690 | @aB516.41@v4 | |
| 701 | 1 | @a雷蒙@Alei meng@g(Raymond, D.)@4著@4著 |
| 702 | 0 | @a刘成富@Aliu cheng fu@4译 |
| 702 | 0 | @a宋旸@Asong yang@4译 |
| 801 | 0 | @aCN@c20100515 |
| 905 | @dB516.41@eL079@f3 | |
| 叔本华= Schopenhauer/(法) 迪迪埃·雷蒙著/宋旸,刘成富译.-上海:上海人民出版社,2009.02 |
| 186页:图;20cm.-(永恒的作家) |
| ISBN 978-7-208-08299-1:CNY29.00 |
| 叔本华早在19世纪60年代就已声名鹊起,享誉世界了。他提出的许多远远超过自己时代的卓越猜想丰富了人类的思维。他对欧洲众多的哲学流派、俄国众多的文学家和哲学家都产生过不容忽社的影响。人们终于发现了这位德国天才。叔本华生前最后编的两卷书《摘编和补遗》被称为最通俗易懂的“大众哲学”,尤其是其中的“日常生活智慧格言”使叔本华在晚年一下子成了名人,成了当时世界上拥有读者最多的哲学家。 |
| ● |
| 相关链接 |
|
|
|
正题名:叔本华
索取号:B516.41/L079
 
预约/预借
| 序号 | 登录号 | 条形码 | 馆藏地/架位号 | 状态 | 备注 |